Movies - Fill In The Blank - Statistics

General Stats
  • This quiz has been taken 86 times
  • The average score is 23 of 30
Answer Stats
Movie % Correct
{Forrest} Gump
100%
The Wolf Of {Wall Street}
95%
As {Good} As It Gets
93%
{Good}Fellas
93%
Schindler's {List}
93%
{Catch} Me If You Can
92%
Spiderman: {Far} From Home
89%
Breakfast At {Tiffany's}
88%
Saving {Private} Ryan
88%
The Silence Of The {Lambs}
88%
Good {Will} Hunting
87%
Dead Poets {Society}
85%
{Guardians} Of The Galaxy
83%
I {Am} Legend
83%
Avengers: Infinity {War}
81%
Harry Potter and The Deathly {Hallows}
80%
No Country For {Old Men}
77%
The {Green} Mile
76%
The {Shawshank} Redemption
76%
Full Metal {Jacket}
75%
The Dark Knight {Rises}
75%
{12} Angry Men
72%
{Dazed} And Confused
71%
There Will Be {Blood}
71%
{Requiem} For A Dream
61%
Ace Ventura: {Pet Detective/When Nature Calls}
60%
What's {Eating} Gilbert Grape
57%
The {Butterfly} Effect
52%
We're The {Millers}
51%
Don't Be A Menace To South Central While {Drinking Your Juice} In The Hood
11%
No matching quizzes found
Score Distribution
Percent of People with Each Score
Percentile by Number Answered
Your Score History
You have not taken this quiz